000 01928nam a22004697a 4500
001 15362944
003 OSt
005 20210426064015.0
008 080711s2008 nyua 000 0deng d
010 _a 2008274832
020 _a9781400064786
020 _a1400064783
035 _a(OCoLC)ocn176952067
040 _aBTCTA
_cBTCTA
_dBAKER
_dYDXCP
_dJED
_dOCO
_dIH9
_dVP@
_dUAB
_dDLC
042 _alccopycat
050 0 0 _aR705
_b.N85 2008
080 _a61
_bN-91
082 0 4 _a610.92
_222
100 1 _aNuland, Sherwin B.
245 1 4 _aThe uncertain art :
_bthoughts on a life in medicine /
_cSherwin B. Nuland.
250 _a1st ed.
260 _aNew York :
_bRandom House,
_cc2008.
300 _axx, 198 p. :
_bill. ;
_c25 cm.
365 _a25.00 USD
500 _aIncludes index.
520 _aThe author offers a compilation of personal anecdotes and reflections based on his forty-year career in medicine as he explores various aspects of his discipline, how it is practiced around the globe, the lives of patients, and how the body works.
600 1 0 _aNuland, Sherwin B.
600 1 7 _aNuland, Sherwin B.
_2sears
650 0 _aPhysicians
_vAnecdotes.
650 0 _aMedicine
_vAnecdotes.
650 7 _aPhysicians
_vAnecdotes.
_2sears
650 7 _aMedicine
_vAnecdotes.
_2sears
653 _aმედიცინა
856 4 1 _3Table of contents only
_uhttp://www.loc.gov/catdir/toc/fy1001/2008274832.html
856 4 2 _3Contributor biographical information
_uhttp://www.loc.gov/catdir/enhancements/fy0838/2008274832-b.html
856 4 2 _3Publisher description
_uhttp://www.loc.gov/catdir/enhancements/fy0838/2008274832-d.html
856 4 1 _3Sample text
_uhttp://www.loc.gov/catdir/enhancements/fy0838/2008274832-s.html
906 _a7
_bcbc
_ccopycat
_d2
_encip
_f20
_gy-gencatlg
942 _2udc
_cBK
999 _c1457
_d1457